LEADER 02615oam 2200565M 450 001 9910715634503321 005 20240124223616.0 035 $a(CKB)5470000002513721 035 $a(OCoLC)1065891776 035 $a(OCoLC)995470000002513721 035 $a(EXLCZ)995470000002513721 100 $a20070221d1840 ua 0 101 0 $aeng 135 $aurcn||||||||| 181 $ctxt$2rdacontent 182 $cc$2rdamedia 183 $acr$2rdacarrier 200 10$a"Latter-Day Saints," alias Mormons. The petition of the Latter-Day Saints, commonly known as Mormons, stating that they have purchased lands of the general government, lying in the State of Missouri, from which they have been driven with force by the constituted authorities of the state, and prevented from occupying the same ; and have suffered other wrongs, for which they pray Congress to provide a remedy. December 21, 1840. Referred to the Committee on the Judiciary 210 1$a[Washington, D.C.] :$c[publisher not identified],$d1840. 215 $a1 online resource (13 pages) 225 1 $aHouse document / 26th Congress, 2nd session. House ;$vno. 22 225 1 $a[United States congressional serial set ] ;$v[serial no. 383] 300 $aBatch processed record: Metadata reviewed, not verified. Some fields updated by batch processes. 300 $aFDLP item number not assigned. 606 $aDiscrimination 606 $aMobs 606 $aFreedom of religion 606 $aPersecution 606 $aRelocation 606 $aViolence 606 $aLatter Day Saints 608 $aLegislative materials.$2lcgft 615 0$aDiscrimination. 615 0$aMobs. 615 0$aFreedom of religion. 615 0$aPersecution. 615 0$aRelocation. 615 0$aViolence. 615 0$aLatter Day Saints. 701 $aHigbee$b Elias$01394471 701 $aThompson$b Robert B$0568675 712 02$aChurch of Jesus Christ of Latter-day Saints. 801 0$bWYU 801 1$bWYU 801 2$bOCLCO 801 2$bOCLCQ 906 $aBOOK 912 $a9910715634503321 996 $a"Latter-Day Saints," alias Mormons. The petition of the Latter-Day Saints, commonly known as Mormons, stating that they have purchased lands of the general government, lying in the State of Missouri, from which they have been driven with force by the constituted authorities of the state, and prevented from occupying the same ; and have suffered other wrongs, for which they pray Congress to provide a remedy. December 21, 1840. Referred to the Committee on the Judiciary$93451929 997 $aUNINA